000 00743nam a22002057a 4500
005 20241128152959.0
010 _aENG-142682
020 _c999.00
_a9789357058995
035 _aEN-126214
037 _bDBAD
082 _a621.815
_22
100 _aJindal, U. C.
_974289
245 _aMachine Design/
_cBy U. C. Jindal
250 _a2
260 _aUttar Pradesh
_bPearson India Education Pvt Ltd
_c2025
270 _bUttar Pradesh
_a1st FLoor, Berger Tower, Plot No. C-001A/2, Sector-16B, Noida
_e201301
300 _axxii,873p.
_c23cm(pb)
_bIndex
500 _a 300+ solved problems 600 detailed line diagrams of machine parts to enable visualization and elucidation of the concepts
942 _2ddc
_cEN
_h621.815
_mJIN
_e1
999 _c207169
_d207169